书目信息 |
| 题名: |
茅盾集
|
|
| 作者: | 马蹄疾 , 陈涑渝 主编 | |
| 分册: | ||
| 出版信息: | 北京 知识出版社 1997.05 |
|
| 页数: | 143页 | |
| 开本: | 32开 | |
| 丛书名: | ||
| 单 册: | ||
| 中图分类: | I267 | |
| 科图分类: | ||
| 主题词: | 散文--中国 , 散文--作品综合集--中国 | |
| 电子资源: | ||
| ISBN: | 7-5015-1471-2 | |
| 000 | 00603nam0 2200217 45 | |
| 001 | 0009021623 | |
| 005 | 20000902160404.5 | |
| 010 | @a7-5015-1471-2@d11.00元 | |
| 100 | @a20000902d1997 km y0chiy0120 ea | |
| 101 | 0 | @achi |
| 105 | @a z 000yy | |
| 200 | 1 | @a茅盾集@AMao Dun Ji@f马蹄疾,陈涑渝主编@FMa Ti Ji,Chen Su Yu Zhu Bian |
| 210 | @a北京@c知识出版社@d1997.05 | |
| 215 | @a143页@d32开 | |
| 606 | 0 | @a散文@x中国 |
| 606 | 0 | @a散文@x作品综合集@x中国 |
| 690 | @aI267@v3 | |
| 701 | 0 | @a马蹄疾@4主编 |
| 701 | 0 | @a陈涑渝@4主编 |
| 801 | @aCN@bPftUser@c20000902 | |
| 905 | @b115300-304@dI267@eM.702@f5 | |
| 茅盾集/马蹄疾,陈涑渝主编.-北京:知识出版社,1997.05 |
| 143页;32开 |
| ISBN 7-5015-1471-2:11.00元 |
| ● |
| 相关链接 |
|
|
|
正题名:茅盾集
索取号:I267/M.702
 
预约/预借
| 序号 | 登录号 | 条形码 | 馆藏地/架位号 | 状态 | 备注 |
| 1 | 115300 | 201153009 | 社科二线422/422社科库 51排1列4层/ [索取号:I267/M.702] | 在馆 | |
| 2 | 115301 | 201153018 | 文学库116/116文学库 5排6列6层/ [索取号:I267/M.702] | 在馆 | |
| 3 | 115302 | 201153027 | 文学库116/116文学库 5排6列6层/ [索取号:I267/M.702] | 在馆 | |
| 4 | 115303 | 201153036 | 社科二线400B/400B社科库 26排1列1层/ [索取号:I267/M.702] | 在馆 | |
| 5 | 115304 | 201153045 | 社科二线400B/400B社科库 26排1列1层/ [索取号:I267/M.702] | 在馆 |